Teorija razbijenij

Salvato in:
Dettagli Bibliografici
Natura: Libro
Lingua:russo
Pubblicazione: Moskva Nauka 1982
Serie:Encyclopedia of Mathematics and its Applications vol. 2
Tags: Aggiungi Tag
Nessun Tag, puoi essere il primo ad aggiungerne!!

MARC

LEADER 00000nam a2200000 4500
001 c131510
005 20250722095319.5
041 0 |a rus 
044 |a RU 
245 1 0 |a Teorija razbijenij  |c George E. Andrews 
264 1 |a Moskva  |b Nauka  |c 1982 
300 |a 255 s. 
490 1 |a Encyclopedia of Mathematics and its Applications  |v vol. 2 
830 0 |a Encyclopedia of Mathematics and its Applications  |v vol. 2